Loading...

Library classification and SR Ranganathan : a guide /

Bibliografiske detaljer
Hovedforfatter: Satija, Mohinder Partap, 1949- (Author)
Andre forfattere: Martínez-Áliva, Daniel (Compiler, Editor), San Segundo Manuel, Rosa (Compiler, Editor)
Format: Printed Book
Sprog:English
Fag:
LEADER 01466cam a2200337 i 4500
001 20551794
003 0
005 20200624133833.0
008 180621s2018 ii a b 001 0 eng
999 |c 287736  |d 287736 
010 |a  2018295772 
020 |a 9788193607473 (hbk.) 
040 |a DLC  |b eng  |e rda  |c DLC  |d DLC 
042 |a pcc 
043 |a a-ii--- 
050 0 0 |a Z696.A4  |b .S274 2018 
082 0 0 |a 025.4  |2 23  |b SAT/L 
100 1 |a Satija, Mohinder Partap,  |d 1949-  |e author. 
245 1 0 |a Library classification and SR Ranganathan :  |b a guide /  |c M.P. Satija ; compiled and edited by Daniel Martínez-Áliva and Rosa San Segundo Manuel. 
300 |a xvii, 292 pages :  |b illustrations ;  |c 22 cm 
504 |a Includes bibliographical references and index. 
600 1 0 |a Ranganathan, S. R.  |q (Shiyali Ramamrita),  |d 1892-1972  |x Influence. 
650 0 |a Classification  |x Books. 
650 0 |a Classification  |x Books  |z India. 
650 0 |a Colon classification. 
700 1 |a Martínez-Áliva, Daniel,  |e compiler,  |e editor. 
700 1 |a San Segundo Manuel, Rosa,  |e compiler,  |e editor. 
906 |a 7  |b cbc  |c orignew  |d 2  |e ncip  |f 20  |g y-gencatlg 
942 |2 ddc  |c REF 
955 |b xk04 2018-06-21  |i xk04 2018-06-21 (to review)  |a xk04 2018-07-10 (reviewed) to Dewey 
952 |0 0  |1 0  |2 ddc  |4 0  |6 025_400000000000000_SAT_L  |7 0  |9 326634  |a LIS  |b LIS  |c REF  |d 2018-09-10  |e The Book Shop, Publication Division, University of Calicut  |g 1200.00  |l 0  |o 025.4 SAT/L  |p LIS3995  |r 2018-09-10  |v 1200.00  |w 2018-09-10  |y REF